[Event "Chess24 Banter Blitz Cup"]
[Site "chess24.com INT"]
[Date "2019.09.30"]
[Round "1.2"]
[White "Gupta, Abhijeet"]
[Black "Gozzoli, Yannick"]
[Result "1-0"]
[WhiteTitle "GM"]
[BlackTitle "GM"]
[WhiteElo "2609"]
[BlackElo "2604"]
[WhiteFideId "5010608"]
[BlackFideId "616915"]
[EventDate "2019.09.25"]
[EventType "blitz"]

1. d4 d5 2. c4 c6 3. Nf3 Nf6 4. Nc3 a6 5. cxd5 cxd5 6. Bf4 Nc6 7. e3 Bg4 8. Be2
e6 9. O-O Be7 10. Rc1 O-O 11. Na4 Nd7 12. h3 Bxf3 13. Bxf3 Rc8 14. a3 b5 15. Nc5
Nxc5 16. dxc5 Bf6 17. Qd2 Be5 18. Bxe5 Nxe5 19. Be2 Rb8 20. b3 Nc6 21. Rfd1 Qc7
22. b4 Rfd8 23. Qc3 h6 24. Bd3 Ne5 25. Bb1 Nc4 26. e4 dxe4 27. Bxe4 Rxd1+ 28.
Rxd1 Rd8 29. Rxd8+ Qxd8 30. Bd3 Qd5 31. Be2 Kf8 32. a4 f6 33. axb5 axb5 34. Bf3
Qe5 35. Qc1 Qb2 36. Qd1 Ne5 37. Qd8+ Kf7 38. Bh5+ g6 39. Qc7+ Kf8 40. Qd6+ Kf7
41. Bd1 Qxb4 42. Qc7+ Kf8 43. Qd6+ Kf7 44. Qc7+ Kf8 45. c6 Qd6 46. Qxd6+ 1-0

[Event "Chess24 Banter Blitz Cup"]
[Site "chess24.com INT"]
[Date "2019.09.30"]
[Round "1.3"]
[White "Gozzoli, Yannick"]
[Black "Gupta, Abhijeet"]
[Result "1-0"]
[WhiteTitle "GM"]
[BlackTitle "GM"]
[WhiteElo "2604"]
[BlackElo "2609"]
[WhiteFideId "616915"]
[BlackFideId "5010608"]
[EventDate "2019.09.25"]
[EventType "blitz"]

1. d4 Nf6 2. Nf3 g6 3. Bg5 Bg7 4. Nbd2 O-O 5. c3 d6 6. e4 c5 7. d5 e6 8. dxe6
Bxe6 9. Bd3 h6 10. Bh4 Nc6 11. O-O g5 12. Bg3 d5 13. exd5 Nxd5 14. Bb5 Rc8 15.
Re1 a6 16. Bf1 Qd7 17. a4 f5 18. Ne5 Bxe5 19. Bxe5 Rcd8 20. Nc4 b5 21. axb5 axb5
22. Na5 Nxe5 23. Rxe5 Rfe8 24. Qe2 c4 25. Re1 Bf7 26. Qf3 f4 27. b3 Rxe5 28.
Rxe5 Qc7 29. Rf5 Be6 30. Qe4 Bxf5 31. Qxf5 Qxa5 32. Qg6+ Kf8 33. Qxh6+ Ke8 34.
bxc4 Nxc3 35. cxb5 Qb4 36. Qxg5 Qe7 37. Qg6+ Qf7 38. Qc6+ Kf8 39. Qxc3 Rd1 40.
Qc8+ Kg7 41. Qg4+ Qg6 42. Qxd1 1-0

[Event "Chess24 Banter Blitz Cup"]
[Site "chess24.com INT"]
[Date "2019.09.30"]
[Round "1.4"]
[White "Gupta, Abhijeet"]
[Black "Gozzoli, Yannick"]
[Result "1/2-1/2"]
[WhiteTitle "GM"]
[BlackTitle "GM"]
[WhiteElo "2609"]
[BlackElo "2604"]
[WhiteFideId "5010608"]
[BlackFideId "616915"]
[EventDate "2019.09.25"]
[EventType "blitz"]

1. d4 d5 2. c4 c6 3. Nf3 Nf6 4. Nc3 a6 5. g3 g6 6. cxd5 cxd5 7. Bg2 Bg7 8. O-O
O-O 9. Ne5 e6 10. Bg5 h6 11. Bf4 Nfd7 12. Nxd7 Bxd7 13. e4 dxe4 14. Nxe4 Bc6 15.
Be5 Nd7 16. Bxg7 Kxg7 17. Qd2 Qe7 18. Rfe1 Rfd8 19. Qc3 Bd5 20. Nc5 Nf6 21. Re5
b6 22. Nd3 Rac8 23. Qe1 Bxg2 24. Kxg2 Rxd4 25. Nf4 Qb7+ 26. Kg1 Re4 27. Rxe4
Qxe4 28. Qd2 Rc2 29. Qd6 e5 30. Ng2 Rxb2 31. Ne3 Qd4 32. Rd1 Qxd6 33. Rxd6 Rxa2
34. Rxb6 a5 35. Ra6 a4 36. Nc4 e4 37. Nd6 Ng4 38. Nxe4 f5 39. Ra7+ Kf8 40. Nc3
Ra1+ 41. Kg2 a3 42. h3 Ne5 43. Nb5 Nc4 44. Ra4 Rb1 45. Nxa3 Ra1 46. Rxc4 Rxa3
47. Rc7 h5 48. Rc6 Kg7 49. h4 Kf7 50. Rc7+ Kf6 51. Rb7 Ke6 52. Rb6+ Kf7 53. Rb2
Rd3 54. Kf1 Rd4 55. Ke2 f4 56. Rd2 Rxd2+ 57. Kxd2 fxg3 58. fxg3 Kf6 59. Ke3 Kf5
60. Kf3 g5 61. hxg5 Kxg5 62. Kf2 Kg4 63. Kg2 h4 64. gxh4 Kxh4 1/2-1/2

[Event "Chess24 Banter Blitz Cup"]
[Site "chess24.com INT"]
[Date "2019.09.30"]
[Round "1.5"]
[White "Gozzoli, Yannick"]
[Black "Gupta, Abhijeet"]
[Result "1/2-1/2"]
[WhiteTitle "GM"]
[BlackTitle "GM"]
[WhiteElo "2604"]
[BlackElo "2609"]
[WhiteFideId "616915"]
[BlackFideId "5010608"]
[EventDate "2019.09.25"]
[EventType "blitz"]

1. d4 Nf6 2. Nf3 g6 3. Bg5 Bg7 4. Nbd2 O-O 5. c3 d6 6. e4 c5 7. d5 e6 8. dxe6
Bxe6 9. Bd3 Nc6 10. O-O h6 11. Bh4 g5 12. Bg3 Nh5 13. Bc4 d5 14. exd5 Bxd5 15.
Bxd5 Qxd5 16. Qb3 Qxb3 17. axb3 f5 18. h3 f4 19. Bh2 Rad8 20. Nc4 b6 21. Rfd1
Rxd1+ 22. Rxd1 Rd8 23. Rxd8+ Nxd8 24. g3 Ne6 25. Nd6 a6 26. Nd2 b5 27. Kg2 Kf8
28. N2e4 Ke7 29. Kf3 Be5 30. Nf5+ Kf7 31. Nxh6+ Kg6 32. Ng4 Bg7 33. h4 fxg3 34.
fxg3 gxh4 35. gxh4 b4 36. Ne3 bxc3 37. bxc3 Nf6 38. Nxf6 Bxf6 39. Nd5 Bxh4 40.
Ke4 Be1 41. Be5 Kf7 42. Ne3 Ke7 43. Kd5 Kd7 44. Nc4 Nc7+ 45. Kxc5 Nb5 46. Kb4
Kc6 47. Nb2 a5+ 48. Kc4 Na3+ 49. Kd3 Bf2 50. Nc4 Nxc4 51. Kxc4 Bc5 52. Bd4 Bd6
53. Kd3 Be7 54. Ke4 Bd6 55. Kf5 Ba3 56. Ke6 Bb2 57. Ke5 Ba1 58. Ke4 Bb2 59. Kd3
Ba3 60. Ke4 Bd6 61. Kd3 Ba3 62. Kc2 Bd6 63. Be3 Be7 64. Kb2 Bd6 65. Ka2 Kb5 66.
Bd2 Bc5 67. Bc1 a4 68. c4+ Ka5 69. Bd2+ Bb4 70. Bxb4+ Kxb4 71. bxa4 Kxa4 72. c5
Kb5 73. c6 Kxc6 1/2-1/2

[Event "Chess24 Banter Blitz Cup"]
[Site "chess24.com INT"]
[Date "2019.09.30"]
[Round "1.6"]
[White "Gupta, Abhijeet"]
[Black "Gozzoli, Yannick"]
[Result "1-0"]
[WhiteTitle "GM"]
[BlackTitle "GM"]
[WhiteElo "2609"]
[BlackElo "2604"]
[WhiteFideId "5010608"]
[BlackFideId "616915"]
[EventDate "2019.09.25"]
[EventType "blitz"]

1. d4 d5 2. c4 c6 3. Nf3 Nf6 4. Nc3 a6 5. e3 g6 6. Be2 Bg7 7. O-O O-O 8. cxd5
cxd5 9. b3 Nc6 10. Bb2 Bg4 11. Rc1 Bxf3 12. Bxf3 e6 13. Na4 Nd7 14. Be2 Rc8 15.
Qd2 Re8 16. Rc2 Qa5 17. Qxa5 Nxa5 18. Rfc1 Rb8 19. Rc7 Red8 20. Bc3 Nc6 21. Bxa6
Nxd4 22. Bxd4 bxa6 23. Kf1 Nf6 24. f3 Ne8 25. Ra7 e5 26. Bb6 Rdc8 27. Bc7 Rb5
28. Rc3 e4 29. Be5 Rxc3 30. Bxc3 Bxc3 31. Nxc3 Rc5 32. Ne2 a5 33. Ra8 Kf8 34.
Nd4 Ke7 35. Rxa5 Rxa5 36. Nc6+ Kd6 37. Nxa5 Kc5 38. fxe4 dxe4 39. Nc4 Nc7 40.
Kf2 Nd5 41. g4 g5 42. Ne5 f6 43. Nc4 Kb4 44. Nd6 Nc3 45. a4 Kc5 46. Ne8 Nd5 47.
a5 Kb5 48. Nd6+ Kxa5 49. Nxe4 Kb4 50. Kf3 Kxb3 51. Nd6 Kb4 52. Ke4 Kc5 53. Ne8
Kc6 54. h3 Kc5 55. Kf5 Nxe3+ 56. Kxf6 Kd5 57. Kxg5 Ke5 58. Nf6 h6+ 59. Kg6 Ng2
60. Nh5 Nh4+ 61. Kxh6 Nf3 62. g5 Nd4 63. g6 Nf5+ 64. Kg5 Ke6 65. g7 Ne7 66. Kh6
Kf7 67. Kh7 Ng8 68. h4 Ne7 69. Nf4 Ng8 70. Nd5 1-0

[Event "Chess24 Banter Blitz Cup"]
[Site "chess24.com INT"]
[Date "2019.09.30"]
[Round "1.7"]
[White "Gozzoli, Yannick"]
[Black "Gupta, Abhijeet"]
[Result "1-0"]
[WhiteTitle "GM"]
[BlackTitle "GM"]
[WhiteElo "2604"]
[BlackElo "2609"]
[WhiteFideId "616915"]
[BlackFideId "5010608"]
[EventDate "2019.09.25"]
[EventType "blitz"]

1. d4 Nf6 2. Nf3 g6 3. Bg5 Bg7 4. Nbd2 O-O 5. c3 d6 6. e4 c5 7. d5 e6 8. dxe6
Bxe6 9. Bd3 Nc6 10. O-O h6 11. Bh4 g5 12. Bg3 Nh5 13. Bc4 d5 14. exd5 Bxd5 15.
Bxd5 Qxd5 16. Qb3 Qxb3 17. axb3 f5 18. h3 Rad8 19. Nc4 f4 20. Bh2 a6 21. Rfd1
Rxd1+ 22. Rxd1 Rd8 23. Rxd8+ Nxd8 24. g3 b5 25. Nd6 Kf8 26. Nd2 Be5 27. Nf5 fxg3
28. fxg3 Ne6 29. Ne4 b4 30. Kg2 a5 31. Kf3 Nf6 32. Bg1 Nxe4 33. Kxe4 bxc3 34.
bxc3 Bxc3 35. Kd5 Nd4 36. Nxd4 cxd4 37. Bxd4 Be1 38. g4 Kf7 39. Kc6 Kg6 40. Bb6
h5 41. Kb5 hxg4 42. hxg4 Kf6 43. Bxa5 Bg3 44. Bc3+ Ke6 45. Kc6 Be5 1-0

[Event "Chess24 Banter Blitz Cup"]
[Site "chess24.com INT"]
[Date "2019.09.30"]
[Round "1.8"]
[White "Gupta, Abhijeet"]
[Black "Gozzoli, Yannick"]
[Result "1/2-1/2"]
[WhiteTitle "GM"]
[BlackTitle "GM"]
[WhiteElo "2609"]
[BlackElo "2604"]
[WhiteFideId "5010608"]
[BlackFideId "616915"]
[EventDate "2019.09.25"]
[EventType "blitz"]

1. Nf3 d5 2. g3 Bg4 3. Bg2 c6 4. O-O Nf6 5. d3 Nbd7 6. c4 e6 7. cxd5 exd5 8. Qb3
Nc5 9. Qc2 Be7 10. h3 Bxf3 11. Bxf3 Ne6 12. Bg2 O-O 13. Nc3 a5 14. Bd2 d4 15.
Ne4 Nd5 16. g4 f5 17. gxf5 Rxf5 18. Ng3 Rf6 19. Qb3 Qd7 20. Kh1 Kh8 21. Ne4 Rg6
22. f4 Nc5 23. Qc2 Nxe4 24. dxe4 Nb4 25. Bxb4 axb4 26. e5 Rg3 27. Kh2 Re3 28.
Rf3 Rf8 29. Raf1 Qe6 30. b3 g5 31. Rxe3 dxe3 32. Qe4 gxf4 33. Rxf4 Rxf4 34. Qxf4
Kg7 35. Be4 Qh6 36. Qf5 Qh4 37. Bg2 Bg5 38. Qd7+ Kg8 39. Qc8+ Kg7 40. Qxb7+ Kg8
41. Qc8+ Kg7 42. Qd7+ Kg8 43. Qe8+ Kg7 44. Qd7+ Kg8 45. Qe6+ Kg7 46. Qd7+ 1/2-1/2

[Event "Chess24 Banter Blitz Cup"]
[Site "chess24.com INT"]
[Date "2019.09.30"]
[Round "1.9"]
[White "Gozzoli, Yannick"]
[Black "Gupta, Abhijeet"]
[Result "1-0"]
[WhiteTitle "GM"]
[BlackTitle "GM"]
[WhiteElo "2604"]
[BlackElo "2609"]
[WhiteFideId "616915"]
[BlackFideId "5010608"]
[EventDate "2019.09.25"]
[EventType "blitz"]

1. d4 Nf6 2. Nf3 e6 3. c4 c5 4. d5 exd5 5. cxd5 d6 6. Nc3 g6 7. e4 Bg7 8. Bg5 h6
9. Bh4 a6 10. Nd2 b5 11. Be2 O-O 12. O-O b4 13. Na4 Bd7 14. f3 Bb5 15. Nc4 Bxc4
16. Bxc4 Nbd7 17. Qc2 Re8 18. Rae1 g5 19. Bf2 Nh5 20. g3 Qf6 21. Be3 Qg6 22. b3
Re7 23. Nb2 Bc3 24. Re2 a5 25. Bd3 Ne5 26. Nc4 Nxc4 27. Bxc4 Ng7 28. Bd3 Qf6 29.
Kg2 Nh5 30. Ref2 Bd4 31. Bxd4 Qxd4 32. Bc4 Qg7 33. Re2 Nf6 34. Kh1 Nd7 35. f4
Kh8 36. e5 gxf4 37. e6 f3 38. Rxf3 fxe6 39. dxe6 Ne5 40. Rf4 Rae8 41. Kg2 a4 42.
Bd5 a3 43. Qf5 Ng6 44. Rg4 Rg8 45. Be4 Qe5 46. Rxg6 Qxf5 47. Bxf5 Rxg6 48. Bxg6
Kg7 49. Bf5 d5 50. g4 c4 51. Kf3 cxb3 52. axb3 1-0

[Event "Chess24 Banter Blitz Cup"]
[Site "chess24.com INT"]
[Date "2019.09.30"]
[Round "1.10"]
[White "Gupta, Abhijeet"]
[Black "Gozzoli, Yannick"]
[Result "0-1"]
[WhiteTitle "GM"]
[BlackTitle "GM"]
[WhiteElo "2609"]
[BlackElo "2604"]
[WhiteFideId "5010608"]
[BlackFideId "616915"]
[EventDate "2019.09.25"]
[EventType "blitz"]

1. c4 e5 2. Nc3 Bb4 3. Nf3 Bxc3 4. bxc3 d6 5. g3 Ne7 6. Bg2 O-O 7. O-O Nbc6 8.
d4 e4 9. Ne1 f5 10. f3 exf3 11. Nxf3 Na5 12. Nd2 Rb8 13. e4 b6 14. Qe2 Ba6 15.
Ba3 c5 16. d5 Qd7 17. Bh3 Qa4 18. exf5 Rbe8 19. Qe6+ Kh8 20. f6 Ng6 21. Rae1
Rxe6 22. dxe6 gxf6 23. e7 Re8 24. Ne4 Rxe7 25. Bc1 Qxc4 26. Nxd6 Qxc3 27. Rxe7
Nxe7 28. Nf7+ Kg7 29. Nh6 Bxf1 0-1

[Event "Chess24 Banter Blitz Cup"]
[Site "chess24.com INT"]
[Date "2019.09.30"]
[Round "1.11"]
[White "Gozzoli, Yannick"]
[Black "Gupta, Abhijeet"]
[Result "1-0"]
[WhiteTitle "GM"]
[BlackTitle "GM"]
[WhiteElo "2604"]
[BlackElo "2609"]
[WhiteFideId "616915"]
[BlackFideId "5010608"]
[EventDate "2019.09.25"]
[EventType "blitz"]

1. d4 Nf6 2. Nf3 g6 3. Bg5 Bg7 4. Nbd2 O-O 5. c3 d6 6. e4 c5 7. d5 e6 8. dxe6
Bxe6 9. Bd3 Nc6 10. O-O h6 11. Bh4 g5 12. Bg3 Nh5 13. Nc4 Nxg3 14. hxg3 d5 15.
exd5 Qxd5 16. Ne3 Qd7 17. Be4 Rad8 18. Qxd7 Bxd7 19. Rfd1 Rfe8 20. Bf5 Bxf5 21.
Nxf5 b6 22. Kf1 Kf8 23. g4 b5 24. Rxd8 Rxd8 25. Rc1 Ne7 26. Ne3 c4 27. Ke2 Ke8
28. Nd2 Nd5 29. Nxd5 Rxd5 30. Ne4 Ke7 31. f3 Kd7 32. b3 cxb3 33. axb3 Kc6 34. c4
Rd7 35. cxb5+ Kxb5 36. Rc4 Bd4 37. Ng3 Re7+ 38. Kd3 Bc5 39. Ne4 Rd7+ 40. Kc3 Bf8
41. Rc8 Bg7+ 42. Kc2 Be5 43. Rc5+ Kb4 44. Rxe5 Rc7+ 45. Kb2 Rd7 46. Re8 Rd3 47.
Rb8+ Ka5 48. Kc2 Re3 49. b4+ Ka4 50. Kd2 Ra3 51. Rb7 Ra2+ 52. Ke3 Rxg2 53. Rxa7+
Kxb4 54. Rxf7 Rh2 55. Rh7 Rh4 56. Nd6 Kc5 57. Nf5 Rh1 58. Rxh6 Re1+ 59. Kf2 Ra1
60. Rg6 Kc4 61. Rxg5 1-0

[Event "Chess24 Banter Blitz Cup"]
[Site "chess24.com INT"]
[Date "2019.09.30"]
[Round "1.12"]
[White "Gupta, Abhijeet"]
[Black "Gozzoli, Yannick"]
[Result "1-0"]
[WhiteTitle "GM"]
[BlackTitle "GM"]
[WhiteElo "2609"]
[BlackElo "2604"]
[WhiteFideId "5010608"]
[BlackFideId "616915"]
[EventDate "2019.09.25"]
[EventType "blitz"]

1. d4 d5 2. c4 c6 3. Nc3 Nf6 4. Nf3 a6 5. g3 g6 6. cxd5 cxd5 7. Bg2 Bg7 8. O-O
O-O 9. Ne5 e6 10. Bg5 h6 11. Bf4 Nfd7 12. Nxd7 Bxd7 13. e4 dxe4 14. Bxe4 Bc6 15.
d5 exd5 16. Nxd5 Nd7 17. Re1 Nf6 18. Ne7+ Qxe7 19. Bxc6 Qb4 20. Bd6 Qxb2 21.
Bxf8 Rxf8 22. Rb1 Qxa2 23. Rxb7 a5 24. Ba4 h5 25. Bb3 Qa3 26. Ree7 Ng4 27. Rxf7
Rxf7 28. Bxf7+ Kh7 29. Qb1 Ne5 30. Rb6 Qf3 31. Bxg6+ Kh8 32. Rb8+ Bf8 33. Bxh5
Qxh5 34. Rxf8+ 1-0

[Event "Chess24 Banter Blitz Cup"]
[Site "chess24.com INT"]
[Date "2019.09.30"]
[Round "1.13"]
[White "Gozzoli, Yannick"]
[Black "Gupta, Abhijeet"]
[Result "0-1"]
[WhiteTitle "GM"]
[BlackTitle "GM"]
[WhiteElo "2604"]
[BlackElo "2609"]
[WhiteFideId "616915"]
[BlackFideId "5010608"]
[EventDate "2019.09.25"]
[EventType "blitz"]

1. d4 Nf6 2. Nf3 e6 3. c4 Nc6 4. a3 d6 5. Nc3 g6 6. Bg5 Bg7 7. e3 O-O 8. Be2 h6
9. Bxf6 Bxf6 10. h4 h5 11. Qc2 e5 12. d5 Ne7 13. e4 c6 14. O-O-O a5 15. Kb1 Bd7
16. Ng5 Rc8 17. dxc6 Bxc6 18. Qd2 Kg7 19. g4 hxg4 20. Bxg4 Bd7 21. Bxd7 Qxd7 22.
h5 Rh8 23. Rdg1 Rxc4 24. h6+ Kg8 25. Nd5 Nxd5 26. Qxd5 Rd4 27. Qb3 Bxg5 28. Rxg5
Kh7 29. Rh3 Rxe4 30. Rd3 Qe7 31. Rg1 a4 32. Qd5 Rf4 33. f3 Rc8 34. Rg4 Rcc4 35.
Qxc4 Rxc4 36. Rxc4 Kxh6 37. Rxa4 f5 38. Rb4 Qc7 39. Rb5 Kg5 40. Rbd5 Kf4 41.
Rxd6 g5 42. R6d5 Qc4 43. b3 Qc6 44. Kb2 b6 45. a4 Qh6 46. Rb5 Qh2+ 47. Ka3 Qc2
48. Rdd5 Qc1+ 49. Kb4 Qe1+ 50. Ka3 Qa1+ 51. Kb4 Kxf3 52. Rxe5 Qd4+ 53. Ka3 Qa1+
54. Kb4 Qd4+ 55. Ka3 Qd6+ 56. Kb2 g4 57. Rxf5+ Kg2 58. Rg5 g3 59. Rbf5 Qd2+ 60.
Ka3 Kh3 61. Rg6 Qc1+ 62. Kb4 Qe1+ 63. Kb5 Qe2+ 64. Kxb6 g2 65. Rfg5 Qe3+ 66. Kb7
Qe7+ 0-1

[Event "Chess24 Banter Blitz Cup"]
[Site "chess24.com INT"]
[Date "2019.09.30"]
[Round "1.14"]
[White "Gupta, Abhijeet"]
[Black "Gozzoli, Yannick"]
[Result "1-0"]
[WhiteTitle "GM"]
[BlackTitle "GM"]
[WhiteElo "2609"]
[BlackElo "2604"]
[WhiteFideId "5010608"]
[BlackFideId "616915"]
[EventDate "2019.09.25"]
[EventType "blitz"]

1. d4 d5 2. c4 c6 3. Nc3 Nf6 4. Nf3 a6 5. e3 Bg4 6. Qb3 Ra7 7. Ne5 Be6 8. Bd2
Nbd7 9. cxd5 cxd5 10. Nxd7 Qxd7 11. Na4 g6 12. Nc5 Qd6 13. Nxb7 Qb8 14. Nc5 Qc8
15. Rc1 Bg7 16. Nxe6 1-0

[Event "Chess24 Banter Blitz Cup"]
[Site "chess24.com INT"]
[Date "2019.09.30"]
[Round "1.15"]
[White "Gozzoli, Yannick"]
[Black "Gupta, Abhijeet"]
[Result "0-1"]
[WhiteTitle "GM"]
[BlackTitle "GM"]
[WhiteElo "2604"]
[BlackElo "2609"]
[WhiteFideId "616915"]
[BlackFideId "5010608"]
[EventDate "2019.09.25"]
[EventType "blitz"]

1. d4 Nf6 2. Nf3 g6 3. Bg5 Bg7 4. Nbd2 O-O 5. c3 d5 6. e3 Nbd7 7. Be2 Re8 8. O-O
e5 9. c4 exd4 10. Nxd4 h6 11. Bh4 Ne5 12. cxd5 Qxd5 13. Qb3 c6 14. Rac1 a5 15.
Qxd5 Nxd5 16. Ne4 Bf8 17. Rfd1 f5 18. Nc3 Nxc3 19. Rxc3 Bg7 20. Bg3 g5 21. Rcc1
Ng6 22. Bc4+ Kh7 23. Bc7 Be5 24. Bxe5 Nxe5 25. Be2 Kg7 26. g3 Ng6 27. Bd3 Kf6
28. Rc5 Re5 29. Rxe5 Nxe5 30. Bc2 a4 31. f4 Nc4 32. fxg5+ hxg5 33. e4 Ne3 34.
Rd2 Nxc2 35. Nxc2 fxe4 36. Rd8 b6 37. Rd6+ Ke5 38. Rxc6 Ba6 39. Rxb6 Bd3 40. Rc6
Rb8 41. b4 axb3 42. axb3 Rxb3 43. Ne3 Rb1+ 44. Kg2 Rb2+ 45. Kh3 Be2 46. Rc8 Rb7
47. Re8+ Kd4 48. Nf5+ Kd3 49. g4 Bf3 50. Kg3 Rb1 51. h4 Rg1+ 52. Kf2 Rg2+ 53.
Kf1 Rxg4 54. Rd8+ Kc3 55. Rc8+ Kb4 56. h5 Rf4 57. Ne3 Bg4+ 58. Ke1 Bxc8 59. h6
Bf5 0-1

[Event "Chess24 Banter Blitz Cup"]
[Site "chess24.com INT"]
[Date "2019.09.30"]
[Round "1.16"]
[White "Gupta, Abhijeet"]
[Black "Gozzoli, Yannick"]
[Result "0-1"]
[WhiteTitle "GM"]
[BlackTitle "GM"]
[WhiteElo "2609"]
[BlackElo "2604"]
[WhiteFideId "5010608"]
[BlackFideId "616915"]
[EventDate "2019.09.25"]
[EventType "blitz"]

1. d4 d5 2. c4 c6 3. Nf3 Nf6 4. Nc3 a6 5. e3 g6 6. Be2 Bg7 7. O-O O-O 8. a4 Bg4
9. b3 e6 10. Ba3 Re8 11. Rc1 Nbd7 12. h3 Bxf3 13. Bxf3 Bf8 14. Bb2 a5 15. Qc2
Bg7 16. Be2 Rc8 17. Rfd1 Qe7 18. Qb1 Qb4 19. Qa2 Bf8 20. Nb1 Qb6 21. Bc3 Bb4 22.
c5 Qc7 23. Bxb4 axb4 24. Qd2 Qa5 25. Na3 Ne4 26. Qe1 Nc3 27. Rxc3 bxc3 28. Nc2
b6 29. cxb6 Qxb6 30. Qxc3 c5 31. a5 Qa7 32. Bb5 Red8 33. Qd2 Nf6 34. dxc5 Ne4
35. Qe1 Rxc5 36. Bd3 Qc7 37. Bxe4 dxe4 38. Rxd8+ Qxd8 39. Nd4 e5 40. b4 Rc4 41.
Qf1 Qd5 42. Ne2 Rxb4 43. a6 Qa5 44. Nc3 Rb3 45. Nxe4 Ra3 46. Qc4 Qxa6 47. Qc5
Ra1+ 48. Kh2 Qe6 49. Ng5 Qf5 50. Qc3 Ra2 51. Nf3 Rxf2 52. Nxe5 Qe4 53. Qc8+ Kg7 0-1

[Event "Chess24 Banter Blitz Cup"]
[Site "chess24.com INT"]
[Date "2019.10.01"]
[Round "1.1"]
[White "Narciso Dublan, Marc"]
[Black "Robson, Ray"]
[Result "0-1"]
[WhiteTitle "GM"]
[BlackTitle "GM"]
[WhiteElo "2517"]
[BlackElo "2670"]
[WhiteFideId "2201500"]
[BlackFideId "2023970"]
[EventDate "2019.09.25"]
[EventType "blitz"]

1. f4 d5 2. Nf3 Nf6 3. e3 g6 4. d4 Bg7 5. Bd3 O-O 6. O-O c5 7. c3 Nc6 8. Nbd2
Bf5 9. Bxf5 gxf5 10. dxc5 e6 11. Nd4 a5 12. Qe2 Qe7 13. Qb5 Rfc8 14. a4 Ra6 15.
b4 axb4 16. cxb4 Ne4 17. N2f3 Nc3 18. Qd3 Nxa4 19. Bd2 Nb2 20. Qb3 Rxa1 21. Rxa1
Nc4 22. Bc3 h6 23. b5 Nd8 24. Bb4 Qd7 25. Ra7 Qc7 26. Qa4 Bf8 27. c6 Qb6 28.
Bxf8 Kxf8 29. Ra8 Rxa8 30. Qxa8 bxc6 31. bxc6 Ke7 32. Ne5 Nxe3 33. Qa3+ Ke8 34.
Qxe3 f6 35. Nef3 Kf7 36. h3 Qb1+ 37. Kh2 Qb6 38. Qd3 Qc7 39. Qe3 Qd6 40. g3 Nxc6
41. Nxc6 Qxc6 42. Nd4 Qb6 43. h4 Qb2+ 44. Kh3 Qb6 45. Nc2 Qd6 46. Qa7+ Qe7 47.
Qd4 e5 48. Qxd5+ Qe6 0-1

[Event "Chess24 Banter Blitz Cup"]
[Site "chess24.com INT"]
[Date "2019.10.01"]
[Round "1.2"]
[White "Robson, Ray"]
[Black "Narciso Dublan, Marc"]
[Result "1-0"]
[WhiteTitle "GM"]
[BlackTitle "GM"]
[WhiteElo "2670"]
[BlackElo "2517"]
[WhiteFideId "2023970"]
[BlackFideId "2201500"]
[EventDate "2019.09.25"]
[EventType "blitz"]

1. e4 c6 2. d4 d5 3. e5 c5 4. dxc5 e6 5. Nf3 Bxc5 6. Bd3 Nc6 7. O-O Nge7 8. Nbd2
Ng6 9. Nb3 Bb6 10. Re1 Qc7 11. Qe2 O-O 12. Bd2 Bd7 13. Bc3 f5 14. Qd2 Rae8 15.
a4 a6 16. a5 Ba7 17. Rad1 h6 18. h4 Re7 19. h5 Nh8 20. Nbd4 Be8 21. Nxc6 bxc6
22. Bxa6 Bxh5 23. Be2 c5 24. b4 Nf7 25. b5 g5 26. b6 Bxb6 27. axb6 Qxb6 28. Nxg5
Bxe2 29. Nxf7 Bxd1 30. Nxh6+ Kh7 31. Qg5 Rg7 32. Qh4 Bf3 33. Nxf5+ Kg8 34. Nxg7
Kxg7 35. gxf3 Qd8 36. Qxd8 Rxd8 37. Ra1 d4 38. Bd2 Kg6 39. Kf1 Kf5 40. f4 Ke4
41. Ke2 c4 42. f3+ Kd5 43. Ra5+ Kc6 44. Ra6+ Kb5 45. Rxe6 c3 46. Be1 Rh8 47. f5
Rh2+ 48. Kd3 Rh1 49. Bxc3 Rd1+ 50. Bd2 Rf1 51. Ke2 Rg1 52. f6 d3+ 53. Kxd3 Rg2
54. Be3 Rg8 55. Rb6+ 1-0

[Event "Chess24 Banter Blitz Cup"]
[Site "chess24.com INT"]
[Date "2019.10.01"]
[Round "1.3"]
[White "Narciso Dublan, Marc"]
[Black "Robson, Ray"]
[Result "0-1"]
[WhiteTitle "GM"]
[BlackTitle "GM"]
[WhiteElo "2517"]
[BlackElo "2670"]
[WhiteFideId "2201500"]
[BlackFideId "2023970"]
[EventDate "2019.09.25"]
[EventType "blitz"]

1. e4 e5 2. f4 exf4 3. Nf3 g5 4. h4 g4 5. Ne5 d6 6. Nxg4 Nf6 7. Nf2 Nc6 8. d4
Qe7 9. Bxf4 Nxe4 10. Nxe4 Qxe4+ 11. Qe2 Qxe2+ 12. Bxe2 Nxd4 13. Bd3 Bf5 14. Bxf5
Nxf5 15. Nc3 O-O-O 16. O-O-O Bg7 17. Ne4 Rde8 18. Rde1 h6 19. g4 Nd4 20. Ng3
Rxe1+ 21. Rxe1 Ne6 22. Bd2 Be5 23. Nh5 Rg8 24. Rg1 Rg6 25. Kd1 f5 26. g5 hxg5
27. hxg5 f4 28. Ke2 Kd7 29. c3 d5 30. b4 b6 31. a4 c5 32. b5 Kd6 33. Rf1 Rxg5
34. Nxf4 Nxf4+ 35. Bxf4 Rg2+ 36. Kf3 Rc2 37. Bxe5+ Kxe5 38. Re1+ Kd6 39. Re3 Ra2
40. Re8 Rxa4 41. Rd8+ Ke6 42. Ke3 Ra5 43. Re8+ Kd7 44. Rg8 Rxb5 45. Rg7+ Kc6 46.
Rxa7 Rb3 47. Kd2 Rb2+ 48. Kd3 c4+ 49. Ke3 Rc2 50. Kd4 Rd2+ 51. Ke5 Rd3 52. Ra8
Re3+ 53. Kf5 Rxc3 54. Ke5 Re3+ 55. Kd4 Rd3+ 56. Ke5 Kc5 57. Rc8+ Kb4 58. Rb8 b5
59. Rd8 c3 60. Rc8 Kb3 61. Kf4 b4 62. Rc5 c2 63. Ke5 Rc3 64. Rxd5 c1=Q 65. Kd6
Rc6+ 0-1

[Event "Chess24 Banter Blitz Cup"]
[Site "chess24.com INT"]
[Date "2019.10.01"]
[Round "1.4"]
[White "Robson, Ray"]
[Black "Narciso Dublan, Marc"]
[Result "1-0"]
[WhiteTitle "GM"]
[BlackTitle "GM"]
[WhiteElo "2670"]
[BlackElo "2517"]
[WhiteFideId "2023970"]
[BlackFideId "2201500"]
[EventDate "2019.09.25"]
[EventType "blitz"]

1. e4 c6 2. d4 d5 3. e5 c5 4. dxc5 e6 5. Nf3 Bxc5 6. Bd3 Nc6 7. O-O Nge7 8. Nbd2
Ng6 9. Nb3 Be7 10. Re1 O-O 11. Nbd4 Nxd4 12. Nxd4 Qb6 13. c3 f6 14. Bxg6 hxg6
15. Nf3 Bd7 16. Qd3 Be8 17. Be3 Qa6 18. Qd2 g5 19. exf6 gxf6 20. h4 g4 21. Nd4
Bg6 22. Nxe6 Qxe6 23. Bc5 Qxe1+ 24. Rxe1 Bxc5 25. Qxd5+ Rf7 26. Qxc5 b6 27. Qd4
Raf8 28. Qxg4 Rg7 29. Qf4 Bh5 30. Re3 f5 31. Rg3 Rg4 32. Rxg4+ Bxg4 33. f3 1-0